| 000 | 00440nam a22001457a 4500 | ||
|---|---|---|---|
| 999 |
_c522843 _d522843 |
||
| 005 | 20190124093714.0 | ||
| 008 | 190124b ||||| |||| 00| 0 eng d | ||
| 020 | _a978-02-7644338-1 | ||
| 040 | _cDLC | ||
| 082 |
_a909 _bHOW |
||
| 245 |
_aHow it all Started the History behind the Way our World Works Today / _cAsa Briggs |
||
| 260 |
_aLondon _bThe Reader's Digest Association Limited _c2010. |
||
| 300 |
_a320p. _c25 cm. |
||
| 942 |
_2ddc _cBK |
||